000 00303nam a22001337a 4500
008 180928b xxu||||| |||| 00| 0 eng d
020 _a9780077424305
041 _aeng
080 _a371
100 _a25
101 _aEDU
245 _aWriting for College, Writing for Life
_cRoen,D
942 _2udc
_cBK
999 _c48644
_d48644